<?xml version="1.0" encoding="UTF-8"?>
<record
    xmlns:xsi="http://www.w3.org/2001/XMLSchema-instance"
    xsi:schemaLocation="http://www.loc.gov/MARC21/slim http://www.loc.gov/standards/marcxml/schema/MARC21slim.xsd"
    xmlns="http://www.loc.gov/MARC21/slim">

  <leader>01365nam a2200205   4500</leader>
  <controlfield tag="001">113965</controlfield>
  <controlfield tag="003">DR-UNIBE</controlfield>
  <controlfield tag="005">20250729084752.0</controlfield>
  <controlfield tag="008">250728b        sp ||||| |||| 00| 0 spa d</controlfield>
  <datafield tag="040" ind1=" " ind2=" ">
    <subfield code="a">BIBLIOTECA UNIBE</subfield>
    <subfield code="b">spa</subfield>
    <subfield code="c">BIBLIOTECA UNIBE</subfield>
    <subfield code="e">rda</subfield>
  </datafield>
  <datafield tag="041" ind1=" " ind2=" ">
    <subfield code="a">spa</subfield>
  </datafield>
  <datafield tag="082" ind1=" " ind2=" ">
    <subfield code="2">22</subfield>
    <subfield code="a">342.46 E76c</subfield>
  </datafield>
  <datafield tag="110" ind1="1" ind2="0">
    <subfield code="a">Espa&#xF1;a. Constituci&#xF3;n</subfield>
    <subfield code="e">autor</subfield>
    <subfield code="9">100326</subfield>
  </datafield>
  <datafield tag="245" ind1="1" ind2="0">
    <subfield code="a"> Constituci&#xF3;n espa&#xF1;ola :</subfield>
    <subfield code="b">aprobada por las Cortes el 31 de octubre de 1978. Ratificada por el pueblo espa&#xF1;l en referendum de 6 de diciembre de 1978. Sancionada por S.M. el Rey ante las Cortes el 27 de diciembre de 1978 y publicada en el Bolet&#xED;n Oficial del Estado el 29 de diciembre de 1978</subfield>
  </datafield>
  <datafield tag="260" ind1=" " ind2=" ">
    <subfield code="a"> Madrid :</subfield>
    <subfield code="b">Editorial Go&#xF1;i, </subfield>
    <subfield code="c">[Fecha no identificada]</subfield>
  </datafield>
  <datafield tag="300" ind1=" " ind2=" ">
    <subfield code="a">88 p&#xE1;ginas :</subfield>
    <subfield code="c">14 x 10 cm</subfield>
  </datafield>
  <datafield tag="505" ind1=" " ind2=" ">
    <subfield code="a">Pre&#xE1;mbulo |
T&#xED;tulo preliminar |
T&#xED;tulo primero. De los derechos y deberes fundamentales |
T&#xED;tulo II. De la corona |
T&#xED;tulo III. De las cortes generales |
T&#xED;tulo IV. Del gobierno y de la administraci&#xF3;n |
T&#xED;tulo V. De kas relaciones entre el Gobierno y las Cortes geberales
T&#xED;tulo VI. Del poder judicial |
T&#xED;tulo VII. Econom&#xED;a y hacienda |
T&#xED;tulo VIII. De la organizaci&#xF3;n territorial del Estado |
T&#xED;tulo IX. Del tribunal constitucional |
T&#xED;tulo X. De la reforma constitucional </subfield>
  </datafield>
  <datafield tag="651" ind1=" " ind2="7">
    <subfield code="a">Espa&#xF1;a</subfield>
    <subfield code="x">Constituci&#xF3;n (1978)</subfield>
    <subfield code="9">197775</subfield>
  </datafield>
  <datafield tag="942" ind1=" " ind2=" ">
    <subfield code="2">ddc</subfield>
    <subfield code="c">BK</subfield>
  </datafield>
  <datafield tag="999" ind1=" " ind2=" ">
    <subfield code="c">113965</subfield>
    <subfield code="d">113965</subfield>
  </datafield>
  <datafield tag="952" ind1=" " ind2=" ">
    <subfield code="0">0</subfield>
    <subfield code="1">0</subfield>
    <subfield code="2">ddc</subfield>
    <subfield code="7">0</subfield>
    <subfield code="8">GEN</subfield>
    <subfield code="a">Principal</subfield>
    <subfield code="d">2025-06-10</subfield>
    <subfield code="l">0</subfield>
    <subfield code="o">342.46 E76c</subfield>
    <subfield code="p">250931</subfield>
    <subfield code="r">2025-07-28 16:10:48</subfield>
    <subfield code="t">Ej. 1</subfield>
    <subfield code="w">2025-07-28</subfield>
    <subfield code="y">BK</subfield>
  </datafield>
</record>
